| 000 | 00575nam a22001457a 4500 | ||
|---|---|---|---|
| 020 | _a978-93-5282-299-4 | ||
| 082 |
_a823 _bRAM/F |
||
| 100 | _aRAMANUNNY, K.P | ||
| 245 | _aFOCSO | ||
| 260 |
_aKOTTAYAM _bDC BOOKS _c2018 |
||
| 300 | _a144 | ||
| 520 | _aHowever, Newman is an essentially timid man who mostly wants to keep his head down and be left alone to get on with his life. Newman's life changes when he gets a new pair of eyeglasses whose style is somehow "Jewish" to several bigoted observers, and they decide he may be Jewish himself. | ||
| 650 | _aNOVEL | ||
| 942 | _cBK | ||
| 999 |
_c5038 _d5038 |
||